ბათუმის შოთა რუსთაველის სახელმწიფო უნივერსიტეტის ბიბლიოთეკა

Fortresses and castles of Greece : (ბიბ.ჩანაწერი № 60594)

000 -LEADER
fixed length control field 00488nam a22001577a 4500
005 - DATE AND TIME OF LATEST TRANSACTION
control field 20230914111631.0
008 - FIXED-LENGTH DATA ELEMENTS--GENERAL INFORMATION
fixed length control field 230914s1982 enk||||| |||| 00| 0 eng d
041 ## - LANGUAGE CODE
Language code of text/sound track or separate title eng
080 ## - UNIVERSAL DECIMAL CLASSIFICATION NUMBER
Universal Decimal Classification number 902/904 P25
100 ## - MAIN ENTRY--PERSONAL NAME
Personal name Paradissis, Alexander
9 (RLIN) 19816
245 ## - TITLE STATEMENT
Title Fortresses and castles of Greece :
Remainder of title Volume II /
Statement of responsibility, etc. Alexander Paradissis.
264 ## - PRODUCTION, PUBLICATION, DISTRIBUTION, MANUFACTURE, AND COPYRIGHT NOTICE
Place of production, publication, distribution, manufacture Athens,
Date of production, publication, distribution, manufacture, or copyright notice 1982.
300 ## - PHYSICAL DESCRIPTION
Extent 225 p. :
Other physical details ill. ;
Dimensions 18 cm.
653 ## - INDEX TERM--UNCONTROLLED
keyword საბერძნეთის ციხეები
942 ## - ADDED ENTRY ELEMENTS (KOHA)
Source of classification or shelving scheme
Koha item type წიგნი
ეგზემპლარები
Withdrawn status Lost status Source of classification or shelving scheme Damaged status Not for loan Permanent Location Current Location Shelving location Date acquired Cost, normal purchase price Full call number Barcode Date last seen Copy number Uniform Resource Identifier Price effective from Koha item type Public note
          ბათუმის შოთა რუსთაველის სახელმწიფო უნივერსიტეტის მთავარი ბიბლიოთეკა ბათუმის შოთა რუსთაველის სახელმწიფო უნივერსიტეტის მთავარი ბიბლიოთეკა წიგნსაცავი 2023-09-14 6.00 902/904 P25 65214 2023-09-14 65214 ბსუ-ს საპატიო დოქტორის გურამ ლორთქიფანიძის საჩუქარი 2023-09-14 წიგნი 5 ლ.